| 000 | 02511nam a22002897a 4500 | ||
|---|---|---|---|
| 999 |
_c59334 _d59334 |
||
| 003 | Ge_BSU | ||
| 005 | 20230124105031.0 | ||
| 008 | 230124s2019 ge ||||| |||| 00| 0 geo d | ||
| 020 | _a9789941967870 | ||
| 041 | _ageo | ||
| 080 | _a321.7(479.22) + 342.71(479.22) ა-93 | ||
| 245 |
_aაქტიური მოქალაქეობის ხელშეწყობა = Promoting active citizenship : _b საკითხავი მასალა სალექციო კურსისთვის /კურიკულუმის რეფორმა სამოქალაქო განათლებისა და დემოკრატიის პრინციპების ხელშეწყობისათვის მასწავლებელთა მომზადების პროგრამებში ისრაელსა და საქართველოში / _c სამეცნიერო რედაქტორები: შორენა მაღლაკელიძე, დავით მალაზონია ; რედაქტორი გვანცა ბურდული. |
||
| 264 |
_aთბილისი, _c2019. |
||
| 300 |
_a182 გვ. : _bსურ., სქ. ; _c29 სმ. |
||
| 500 | _aთანადაფინანსებულია ევროპული კომისიის ერაზმუს პროგრამის მიერ | ||
| 504 | _aბიბლიოგრაფია სტატიების ბოლოს. | ||
| 653 | _aდემოკრატია საქართველოში | ||
| 653 | _aსაქართველოს მოქალაქეობა | ||
| 700 |
_aქურდაძე, ირმა _eავტორი _914579 |
||
| 700 |
_aმალაზონია, დავით _eავტორი, სამეცნიერო რედაქტორი. _93943 |
||
| 700 |
_aტალიაშვილი, თამარ _eავტორი _916763 |
||
| 700 |
_aმაღლაკელიძე, შორენა _eავტორი, სამეცნიერო რედაქტორი. _916764 |
||
| 700 |
_aპეტრიაშვილი, იზაბელა _eავტორი _916765 |
||
| 700 |
_aშენგელია, ლოლიტა _eავტორი _916766 |
||
| 700 |
_aბურდული, გვანზა _eრედაქტორი _916767 |
||
| 942 |
_2udc _cBK |
||